| 000 | 00624nam a2200217 a 4500 | ||
|---|---|---|---|
| 001 | 1959 | ||
| 003 | CDMR | ||
| 005 | 20131106125414.0 | ||
| 008 | 130130s1979||||||||||||||||||||||||||||d | ||
| 020 | _a8473670884 | ||
| 040 |
_aCDMR _bcat _cCDMR |
||
| 100 | 1 |
_aWorontzoff, Madeleine _91466 |
|
| 245 | 1 | 3 |
_aLa concepción de la prensa en Lenin _cMadeleine Worontzoff |
| 246 | _aLénine Reporter | ||
| 260 |
_aBarcelona _c1979 _bFontamara |
||
| 300 | _a122 p. | ||
| 490 | 0 | _aArgumentos | |
| 600 | 1 |
_992 _aLenin, Vladimir Il'ich _xPunts de vista polítics i socials |
|
| 650 | 0 | 4 |
_94092 _aPremsa _zUnió Soviètica |
| 942 |
_cMON _2udc |
||
| 999 |
_c1959 _d1959 |
||